1410 1739 1274 1404 1502 1150 1982 1456 1327 1540 1592 1686 1484 1936 1348 1375 1856 1569 1027 1280 1593 1401 1589 1939 1250 1675 1943 1023 1334 1603 1200 1440 1091 1186 1982 1648 1897 1148 1906 1400 1565 1999 1436 1935 1983 1453 1516 1239 1902 1726 1892 1457 1423 1273 1692 1485 1749 1765 1506 1956 1236 1672 1302 1359 1337 1085 1459 1016 1148 1210 1963 1097 1179 1898 1560 1174 1262 1548 1757 1767 1992 1322 1395 1332 1628 1384 1239 1302 1343 1103 1052 1699 1123 1878 1152 1974 1497 1595 1634 BCNSPRNW ULIB Ver.6.0+V

เปลี่ยนเป็นภาษาไทย

Change to English
 แสดงรายละเอียดบรรณานุกรม
  กลับหน้าหลัก

Brief Record : Get Marc (ISO 2709) : E-mail record : QR code < ปิดหน้าต่าง
LEADER : 00000nam 2200000uu 4500
001    13399123899
003     ULIB
008    141214s2555||||th 000 0 tha d
020    ^a9789749510438
060  4 ^aWR100^bป493ร
100 0  ^aปรียา กุลละวณิชย์,^eบรรณาธิการ
245 00 ^aตำราโรคผิวหนังในเวชปฏิบัติปัจจุบัน =^bDermatology 2020 /^cบรรณาธิการ: ปรียา กุลละวณิชย์, ประวิตร พิศาลบุตร
246 31 ^aDermatology 2020
250    ^aพิมพ์ครั้งที่ 1
260    ^aกรุงเทพฯ :^bโฮลิสติก พับลิชชิ่ง,^c2555
300    ^a906 หน้า :^bภาพประกอบ
505 0  ^a^aEczema and contact dermatitis -- Occupational skin diseases -- Facial dermatitis -- Erythema -- Cutaneous adverse drug reactions -- Cutaneous small vessel vascultis -- Cutaneous manifestation of connective tissue diseases -- Photobiology and photomedicine -- Vesiculobullous diseases - Papulosquamous disorders -- Pigmentary disorders -- The diseases of sebaceous glands:acne -- Granulomatous dermatitis: a clinicopathologic correlation -- Malignant skin tumors -- Viral infections of the skin -- Bacterial infections of the skin -- Superficial and cutaneous mycoses -- Subcutaneous mycoses -- mycobacterial infections of the skin -- Leprosy (Hansen^'s disease) -- Sexually transmitted diseases -- Parasitic infestations of the skin -- Genodermatoses -- Skin changes and diseases in pregnancy -- Aging and geriatric dermatology -- Diseases of metabolism -- Dermatologic manifestations in systemic diseases -- Pruritus and systemic diseases -- The Skin and the mind -- Nali disorders -- Diseases of hair and hair follicles -- Oral mucous membrane lesions -- Diseases of male genitalia -- Dermatologic diagnosis -- Skin biopsy -- Basic dermatopathology -- Topical and systemic treatments -- Sunsreens -- Antihistamines -- Systemic glucocorticoids -- Immunotherapy, stem cell and gene therapy in dermatology -- Systemic retinoids -- Laser applications in dermatology -- Fillers -- Physical procedures for treating acne, acne scar, and melasma -- Botulinum toxin in dermatology -- Alternative medicine in dermatology^b^c
650  7 ^aผิวหนัง^xโรค
650  7 ^aผิวหนัง, วิทยาโรค
650  7 ^aผิวหนัง, โรค^xการวินิจฉัย
650  7 ^aผิวหนัง, โรค^xการรักษา
700 0  ^aประวิตร พิศาลบุตร,^eบรรณาธิการ
945    ^p2^l0^i22573
999    ^aทศพร เกษรทอง
รายการนี้ยังไม่มีแท็ก
คุณยังไม่ได้ล็อกอิน คุณสามารถมีกิจกรรมร่วมกับเว็บไซต์ได้ แต่ต้องล็อกอินก่อน ::
  ล็อกอิน

รายการสื่อสารสนเทศ

ลำดับที่ ประเภท เลขเรียก/บาร์โค้ด สถานที่ สถานะ
1. วิทยาศาสตร์การแพทย์ และสุขภาพ
หนังสือสำรอง
สถานะ=หนังสือสำรอง
WR100 ป493ร ฉ.1 
  Barcode: 22573
ห้องสมุดวิทยาเขตนครสวรรค์
►ส่วนจัดเก็บหนังสือเก่า นว.
บนชั้น
  ขอยืม

รายการใกล้เคียง
    หัวเรื่อง [ผิวหนัง, วิทยาโรค]

BibComment


ยังไม่เคยถูกคอมเมนท์

คอมเมนท์ทรัพยากรรายการนี้
  คอมเมนท์: ตำราโรคผิวหนังใน..


 Copyright 2026. Bcnsprnw @Library